Risultati della Fiorentina in UEFA Europa Conference League 2022-2023 - Statistics

Statistiche generali
  • Questo quiz è stato fatto 18 volte
  • Il punteggio medio è 9 su 15
Statistiche sulle risposte
Hint Risposta % Corretto
Fiorentina - West Ham United 1-2
94%
Basilea - Fiorentina 1-3 d.t.s. (1-2)
88%
Fiorentina - Basilea 1-2
75%
İstanbul Başakşehir - Fiorentina 3-0
75%
Fiorentina - RFS Riga 1-1
63%
Fiorentina - Hearts 5-1
63%
Fiorentina - İstanbul Başakşehir 2-1
56%
Sporting Braga - Fiorentina 0-4
50%
Sivasspor - Fiorentina 1-4
50%
Lech Poznań - Fiorentina 1-4
50%
Fiorentina - Lech Poznań 2-3
50%
Hearts - Fiorentina 0-3
44%
RFS Riga - Fiorentina 0-3
44%
Fiorentina - Sivasspor 1-0
44%
Fiorentina - Sporting Braga 3-2
44%
Nessun quiz corrispondente trovato
Distribuzione punteggi
Percentuale di utenti per punteggio
Percentile per numero di risposta
I tuoi punteggi nel tempo
Non hai fatto questo quiz